01507nam a22003737a 4500003000500000005001700005008004100022010001000063011001000073035001000083040000900093090001000102100004400112245021200156260004100368300001000409502010600419590003700525590004100562590004100603590004100644590004200685650003700727650003100764650003200795650003300827650003200860650004300892901000700935942001000942949003600952999001700988952012801005CHAP20220329140139.0971013s1982 r 00010 d a47674 a48646 a52792 cCHAP aTesis00aPérez Núñez, Jorge Manuel.989886 aPruebas a diferentes fechas de floración del efecto del fitorregulador ethrel en melón (Cucumis melo L.) var. gusto-45, asociado con maíz (Zea mayz L.) en el ciclo primavera-verano, 1981, Apodaca, N.L. a(Monterrey, N.L.) :bEl autor,c1982 a75 p. aTesis (Ing. Agr. en Producción Agropecuaria) -- ITESM. Div. de Ciencias Agropecuarias y Marítimas aALEPHb10c20130110lUCH01h1318 aBATCH-UPDb10c20130110lUCH01h1209 aBATCH-UPDb10c20130410lUCH01h0749 aBATCH-UPDb10c20130914lUCH01h1125 aCONVERSIONb10c20130109lUCH01h132614aAcido cloroetilfosfonico 2.957814aCultivos asociados.93037014aMaízxRendimiento.97105114aMelónxRendimiento.97447714aMelónxVariedades.97448214aPlantasxCrecimientoxAditivos.988804 aBK cTESIS bBCcTESd-117381eTS1i52792si c47674d47674 00102local4051708TESISaBCbBCcPA_TESISd2012-12-17fTESISl0oTesisp-117381r2019-12-31 00:00:00w2019-12-31yTESIS